Dynamic light scattering : with applications to chemistry, biology, and physics /
Guardado en:
| Autor Principal: | |
|---|---|
| Otros Autores: | |
| Formato: | Libro |
| Idioma: | English |
| Publicado: |
New York :
Wiley,
c1976.
|
| Materias: | |
| Etiquetas: |
Agregar Etiqueta
Sin Etiquetas, Sea el primero en etiquetar este registro!
|
| LEADER | 00803pam a22002295a 4500 | ||
|---|---|---|---|
| 001 | EIQ.libpla000425 | ||
| 008 | 750611s1976####nyua#####b####001#0#eng#d | ||
| 005 | 20060516154424.0 | ||
| 245 | 1 | 0 | |a Dynamic light scattering : |b with applications to chemistry, biology, and physics / |c Bruce J. Berne and Robert Pecora. |
| 260 | |a New York : |b Wiley, |c c1976. | ||
| 300 | |a vii, 376 p. : |b gráficos ; |c 26 cm. | ||
| 500 | |a "A Wiley-Interscience publication." | ||
| 504 | |a Incluye referencias bibliográficas e índice. | ||
| 020 | |a 0471071005 | ||
| 100 | 1 | |a Berne, Bruce J., |d 1940- | |
| 700 | 1 | |a Pecora, Robert, |d 1938- | |
| 082 | 0 | 0 | |a 535/.4 |
| 650 | 4 | |a Luces |x Dispersión. | |
| 650 | 0 | |a Light |x Scattering. | |
| 010 | |a 75019140 | ||
| 040 | |a DLC |c DLC |d AR-BbSID | ||
| 859 | |a AR-BbSID |b BIB. PLAPIQUI |h 535.4 |i B 35 |p 1828 | ||
